000 00927nam a2200277 a 4500
003 DO-SdBNP
005 20240314113110.0
007 ta
008 221124t19761995ck aobcgr|||| 001 0dspa d
020 _a9580400113 Colección
020 _a958043154x
040 _aDO-SdBNP
_bspa
_cBNPHU
082 4 _222
_bM777h
100 1 _a Montenegro González, Augusto
_985044
245 1 0 _aHistoria de América /
_cAugusto Montenegro González
250 _a4a. ed.
_bEdición Actualizada.
260 _a[Santo Domingo] :
_bSecretaria de Estado de Educación,
_c1995
300 _a312 p. :
_bil., fots., mapas, retrs. ;
_c27 cm.
490 _aNuestro Mundo y sus Hechos
504 _aBibliografía: p. 310 - 311
590 _aInventariado 2022 / MF
650 4 _914771
_aHistoria
_vLibro de texto
_zAmérica
710 2 _957014
_aRepública Dominicana.
_bSecretaria de Estado de Educación.
910 _aMFeliz
942 _2ddc
_cLBS1
999 _c52997
_d52997